000 00430nam a2200169Ia 4500
008 231217s9999 xx 000 0 und d
020 _a8120327640
041 _aEnglish
082 _a658.4012 DAV;1 R
100 _aDavid, Fred R
245 0 _aStrategic management : concepts and cases
250 _a10th ed.
260 _c2005
_bPHI
_aNew Delhi
300 _axxxii+432
650 _aStrategic,management,:
942 _cAA
999 _c178719
_d178719